Statistics for Five Least Densely Populated Countries by Continent

Click here to take the quiz!

General Stats

  • This quiz has been taken 13,239 times
    (12,570 since last reset)
  • The average score is 22 of 30

Answer Stats

Continent Ratio Country % Correct
North America3.78Canada
95%
Oceania3.32Australia
93%
Asia2.56Russia (Asian part)
91%
Europe28.1Russia (European part)
91%
Oceania17.8New Zealand
90%
North America34.8United States
90%
Asia1.92Mongolia
89%
Europe16.7Norway
87%
South America16.3Argentina
87%
Europe22.4Sweden
86%
Europe16.4Finland
86%
South America10.6Bolivia
84%
South America17.5Paraguay
82%
Asia6.81Kazakhstan
80%
South America3.58Suriname
79%
South America3.66Guyana
78%
Europe3.31Iceland
77%
Oceania19.3Papua New Guinea
70%
Africa3.91Libya
67%
Africa3.08Namibia
64%
Africa4.51Mauritania
60%
Oceania23.8Solomon Islands
59%
Asia16.2Saudi Arabia
56%
Asia12.4Turkmenistan
55%
North America50.8Nicaragua
53%
Oceania25.2Vanuatu
53%
North America17.3Belize
51%
North America28.2Bahamas
48%
Africa4.04Botswana
47%
Africa8.32Gabon
20%

Score Distribution

Percentile by Number Answered

Percent of People with Each Score

Your Score History

You have not taken this quiz since the last reset